[Event "African Individual Championshi"]
[Site "Windhoek"]
[Date "2007.09.07"]
[Round "7"]
[White "Aderito, Pedro"]
[Black "Abdel Razik, Khaled"]
[Result "1-0"]
[WhiteElo "2305"]
[BlackElo "2372"]
[PlyCount "117"]
[EventDate "2007.09.01"]

1. d4 d5 2. Nf3 Nf6 3. c4 e6 4. Nc3 c5 5. cxd5 exd5 6. g3 Nc6 7. Bg2 Be7 8. O-O
O-O 9. Bf4 Bg4 10. dxc5 Bxc5 11. Rc1 Re8 12. Nb5 Bb6 13. h3 Bxf3 14. Bxf3 Qd7
15. Kg2 Ne5 16. Bxe5 Rxe5 17. Nc3 h5 18. h4 a6 19. Na4 Ba7 20. Nc5 Qe7 21. Nd3
Re6 22. Nf4 Re5 23. Nd3 Re6 24. Nf4 Re5 25. Qb3 Rd8 26. Rfd1 g6 27. Rc2 Kg7 28.
a4 Rd7 29. Rc8 d4 30. Rdc1 Rc5 31. R1xc5 Bxc5 32. Nd3 Ne4 33. Qc2 Bb6 34. Ra8
Nc5 35. Nf4 Ne6 36. Nd5 Qd6 37. Qc8 Bd8 38. b4 d3 39. Qc3+ f6 40. exd3 Be7 41.
Rc8 Rd8 42. Rxd8 Bxd8 43. Qc8 b5 44. axb5 axb5 45. Qb7+ Nc7 46. Nf4 Kh6 47. Qb8
g5 48. hxg5+ fxg5 49. Ne6 Qxe6 50. Qxd8 Ne8 51. Be4 h4 52. Kg1 hxg3 53. fxg3
Qe5 54. Kh2 Kh5 55. Bf3+ Kg6 56. Be4+ Kh5 57. Qd7 Qb2+ 58. Kh3 Qh8 59. Qf7+ 1-0

[Event "African Individual Championshi"]
[Site "Windhoek"]
[Date "2007.09.07"]
[Round "7"]
[White "Belkhodja, Slim"]
[Black "El Gindy, Essam"]
[Result "0-1"]
[WhiteElo "2478"]
[BlackElo "2507"]
[PlyCount "50"]
[EventDate "2007.09.01"]

1. e4 c5 2. Nf3 e6 3. c3 d5 4. exd5 exd5 5. d4 Nc6 6. Be2 Bd6 7. dxc5 Bxc5 8.
O-O Nge7 9. Nbd2 O-O 10. Nb3 Bd6 11. Bg5 Qc7 12. Bh4 Nf5 13. Bg3 Nxg3 14. hxg3
Rd8 15. Nfd4 a6 16. Bg4 Bxg4 17. Qxg4 Ne5 18. Qe2 Nc4 19. Rfe1 g6 20. Nf3 Bf8
21. Rad1 Qb6 22. Qc2 Qb5 23. Nfd4 Qa4 24. Re2 Rac8 25. Nc1 Nxb2 0-1

[Event "African Individual Championshi"]
[Site "Windhoek"]
[Date "2007.09.07"]
[Round "7"]
[White "Hassan, Sayed Barakat"]
[Black "Andrade, Ivan"]
[Result "0-1"]
[WhiteElo "2375"]
[BlackElo "2134"]
[PlyCount "100"]
[EventDate "2007.09.01"]

1. e4 c5 2. Nc3 Nc6 3. f4 e6 4. Nf3 Nge7 5. d4 Nxd4 6. Nxd4 cxd4 7. Qxd4 Nc6 8.
Qf2 Qa5 9. Bd3 Nb4 10. Be3 Nxd3+ 11. cxd3 b6 12. O-O Ba6 13. f5 f6 14. Qf3 Bc5
15. Rad1 Bxe3+ 16. Qxe3 O-O 17. Rf3 Rae8 18. Qf2 exf5 19. Rxf5 Re5 20. Rf4 Bb7
21. d4 Ree8 22. a3 Qh5 23. Rd3 Qf7 24. h4 Qe7 25. Rg3 f5 26. exf5 Qe1+ 27. Qxe1
Rxe1+ 28. Kf2 Rc1 29. Re3 g6 30. g4 Rh1 31. f6 Rxh4 32. Kg3 g5 33. Rf5 Rh6 34.
Rxg5+ Kh8 35. Re7 Rhxf6 36. Rgg7 Rh6 37. d5 Rf1 38. Rxd7 Bc8 39. Rc7 Rhh1 40.
Rxh7+ Rxh7 41. Rxc8+ Kg7 42. Ne4 Rhh1 43. Rc7+ Rf7 44. Rc3 Rg1+ 45. Kh4 Rd1 46.
d6 Rd4 47. Ng3 Kg6 48. Rc6 Rh7+ 49. Nh5 Rxh5+ 50. Kg3 Rhd5 0-1

[Event "African Individual Championshi"]
[Site "Windhoek"]
[Date "2007.09.07"]
[Round "7"]
[White "Simutowe, Amon"]
[Black "Pascoal, Eduardo A"]
[Result "1/2-1/2"]
[WhiteElo "2421"]
[BlackElo "2086"]
[PlyCount "83"]
[EventDate "2007.09.01"]

1. c4 Nf6 2. Nc3 e6 3. Nf3 Bb4 4. Qc2 O-O 5. a3 Bxc3 6. Qxc3 d6 7. g3 b6 8. Bg2
Bb7 9. d3 a5 10. b3 Nbd7 11. O-O e5 12. Bb2 Nc5 13. e4 Ne6 14. Bh3 Bc8 15. Bxe6
Bxe6 16. d4 Nxe4 17. Qe3 Nf6 18. dxe5 Ng4 19. Qe4 dxe5 20. Nxe5 Nxe5 21. Bxe5
Re8 22. Rfe1 f6 23. Rad1 Qe7 24. Bb2 Rad8 25. Rc1 Qd7 26. h4 Bf7 27. Qf3 Rxe1+
28. Rxe1 a4 29. bxa4 Bxc4 30. Kh2 Bd5 31. Qf4 Bc6 32. Qc4+ Qd5 33. Rc1 Qxc4 34.
Rxc4 Bf3 35. g4 Rd2 36. Bc3 Rxf2+ 37. Kg3 Bd5 38. Rxc7 Rf3+ 39. Kh2 Rf2+ 40.
Kh3 Rf3+ 41. Kh2 Rf2+ 42. Kg3 1/2-1/2

[Event "African Individual Championshi"]
[Site "Windhoek"]
[Date "2007.09.07"]
[Round "7"]
[White "Sarwat, Walaa"]
[Black "Onabogun, Kolade"]
[Result "1-0"]
[WhiteElo "2388"]
[BlackElo "1890"]
[PlyCount "71"]
[EventDate "2007.09.01"]

1. e4 c5 2. Nf3 Nc6 3. Bb5 d6 4. d4 cxd4 5. Qxd4 Bd7 6. Bxc6 Bxc6 7. Nc3 Nf6 8.
Bg5 e6 9. O-O Be7 10. Rfe1 O-O 11. Rad1 Qc7 12. Qd3 Rfd8 13. Nd4 a6 14. a4 Rac8
15. h3 Be8 16. Qe3 Rb8 17. f4 b5 18. axb5 axb5 19. e5 dxe5 20. fxe5 Nd5 21.
Nxd5 Rxd5 22. Bxe7 Qxe7 23. Nf5 exf5 24. Rxd5 Bc6 25. Qc5 Qh4 26. Rdd1 Be4 27.
Re2 h5 28. Qc7 Ra8 29. Red2 Qg3 30. Qc5 Re8 31. Qxb5 Re6 32. Rf2 Rg6 33. Qe8+
Kh7 34. Rd8 Kh6 35. Qxf7 Qe3 36. Rh8+ 1-0

[Event "African Individual Championshi"]
[Site "Windhoek"]
[Date "2007.09.07"]
[Round "7"]
[White "Solomon, Kenny"]
[Black "Van Den Heever, Donovan"]
[Result "0-1"]
[WhiteElo "2344"]
[BlackElo "2151"]
[PlyCount "140"]
[EventDate "2007.09.01"]

1. d4 d5 2. Nf3 Nf6 3. c4 c6 4. Nc3 a6 5. Ne5 b5 6. cxb5 cxb5 7. Bf4 e6 8. e3
Be7 9. Bd3 Bb7 10. O-O Nbd7 11. Rc1 Rc8 12. Qf3 Nxe5 13. Bxe5 Qa5 14. Bb1 O-O
15. Qh3 h6 16. Qg3 b4 17. Ne2 b3 18. axb3 Qd2 19. Rxc8 Rxc8 20. Nc3 Ne8 21. e4
Qxb2 22. Na4 Qd2 23. exd5 Bxd5 24. Nc5 Bxc5 25. dxc5 Rxc5 26. Bxg7 Nxg7 27.
Qb8+ Ne8 28. Qxe8+ Kg7 29. Qd8 Rc1 30. Bd3 Qxd3 31. Rxc1 Qe4 32. Kf1 Qxg2+ 33.
Ke2 Qe4+ 34. Kd2 Qd4+ 35. Ke1 Qe4+ 36. Kd2 Qf4+ 37. Kc2 Qxf2+ 38. Kb1 Qe3 39.
Rc8 Qxb3+ 40. Kc1 Qe3+ 41. Kc2 Qf2+ 42. Kc1 Qg1+ 43. Kb2 Qxh2+ 44. Kc1 Qf4+ 45.
Kc2 Qf5+ 46. Kd1 Bf3+ 47. Ke1 Kg6 48. Qg8+ Kh5 49. Qg3 Qe4+ 50. Kf2 Qe2+ 51.
Kg1 Qe3+ 52. Kh2 Qe2+ 53. Kg1 Bg4 54. Rg8 f5 55. Qc3 e5 56. Qb3 Qd1+ 57. Qxd1
Bxd1 58. Kf2 Bb3 59. Re8 e4 60. Rb8 Bc4 61. Ke3 Kg4 62. Rb6 Kg5 63. Rb1 Bd3 64.
Rg1+ Kf6 65. Kf4 h5 66. Rh1 Be2 67. Rh2 Bg4 68. Ra2 Ke6 69. Rxa6+ Kd5 70. Rh6
Kd4 0-1

[Event "African Individual Championshi"]
[Site "Windhoek"]
[Date "2007.09.07"]
[Round "7"]
[White "Oatlhotse, Providence"]
[Black "Njili, Kamel"]
[Result "1-0"]
[WhiteElo "2154"]
[BlackElo "2366"]
[PlyCount "61"]
[EventDate "2007.09.01"]

1. e4 c5 2. Nf3 d6 3. d4 cxd4 4. Nxd4 Nf6 5. Nc3 a6 6. Bg5 e6 7. f4 Nbd7 8. Qf3
Be7 9. O-O-O h6 10. Bxf6 Bxf6 11. g4 Qb6 12. Nb3 Qc7 13. e5 dxe5 14. Ne4 exf4
15. Nd6+ Kf8 16. Kb1 Be5 17. Nc4 Rb8 18. Nxe5 Qxe5 19. Bg2 g5 20. Rhe1 Qc7 21.
Qe4 Nf6 22. Qd4 Kg7 23. h4 e5 24. Rxe5 Bxg4 25. hxg5 Bxd1 26. gxf6+ Kg8 27. Be4
Bg4 28. Rc5 Qd8 29. Rd5 Qe8 30. Nc5 Kf8 31. Nd7+ 1-0

[Event "African Individual Championshi"]
[Site "Windhoek"]
[Date "2007.09.07"]
[Round "7"]
[White "Magana, Ben"]
[Black "Adu, Oladapo"]
[Result "0-1"]
[WhiteElo "2151"]
[BlackElo "2294"]
[PlyCount "62"]
[EventDate "2007.09.01"]

1. e4 c5 2. c3 d5 3. exd5 Qxd5 4. d4 Nf6 5. Nf3 Nc6 6. Be2 Bg4 7. O-O e6 8. Na3
Be7 9. Nb5 Qd8 10. dxc5 Bxc5 11. Bg5 a6 12. Nbd4 Nxd4 13. Nxd4 Bxe2 14. Nxe2
Qxd1 15. Raxd1 Ne4 16. Bf4 Rd8 17. Bg3 Ke7 18. Nc1 Bb6 19. Nd3 Rd5 20. Nb4 Rf5
21. Nc2 h5 22. Nd4 Ra5 23. a3 Rd8 24. Nf3 Rxd1 25. Rxd1 g5 26. Nd4 Rd5 27. Kf1
h4 28. f3 hxg3 29. fxe4 gxh2 30. Ke2 Bxd4 31. cxd4 Rxd4 0-1

[Event "African Individual Championshi"]
[Site "Windhoek"]
[Date "2007.09.07"]
[Round "7"]
[White "Solomons, Deon"]
[Black "Nadir, Samir"]
[Result "1-0"]
[WhiteElo "2233"]
[BlackElo "2164"]
[PlyCount "47"]
[EventDate "2007.09.01"]

1. c4 Nf6 2. g3 g6 3. Bg2 Bg7 4. Nc3 O-O 5. e4 d6 6. d3 c5 7. Nge2 Nc6 8. O-O
a6 9. h3 Rb8 10. a4 Bd7 11. Rb1 Ne8 12. Be3 Nc7 13. f4 Ne6 14. f5 Ned4 15. Nf4
e5 16. Nfd5 gxf5 17. Qh5 f6 18. exf5 Qe8 19. Qg4 Kh8 20. Ne4 h5 21. Qh4 Nxf5
22. Rxf5 Bxf5 23. Nxd6 Qg6 24. Nxf5 1-0

[Event "African Individual Championshi"]
[Site "Windhoek"]
[Date "2007.09.07"]
[Round "7"]
[White "Eichab, Charles"]
[Black "Chumfwa, Stanley"]
[Result "0-1"]
[WhiteElo "2062"]
[BlackElo "2329"]
[PlyCount "72"]
[EventDate "2007.09.01"]

1. e4 c5 2. Nf3 d6 3. d4 cxd4 4. Nxd4 Nf6 5. Nc3 a6 6. Be2 e6 7. O-O Be7 8. a4
O-O 9. Be3 Nc6 10. f4 Qc7 11. Kh1 Re8 12. Bf3 Bd7 13. Nb3 b6 14. g4 Bc8 15. g5
Nd7 16. Bg2 Bb7 17. Qd2 Bf8 18. Rad1 Nc5 19. Rf3 Ne7 20. Rh3 d5 21. Qf2 Nxe4
22. Nxe4 dxe4 23. Bxb6 Qb8 24. Na5 e3 25. Qxe3 Bxg2+ 26. Kxg2 Nd5 27. Rxd5 exd5
28. Qd3 g6 29. Be3 Qc7 30. Nb3 Rac8 31. Nd4 Re4 32. c3 Rce8 33. Bd2 Bg7 34. f5
Bxd4 35. cxd4 gxf5 36. Qf3 Re2+ 0-1

[Event "African Individual Championshi"]
[Site "Windhoek"]
[Date "2007.09.07"]
[Round "7"]
[White "Chambule, Pedro Lucas"]
[Black "Kawuma, Steven Male"]
[Result "0-1"]
[WhiteElo "2096"]
[BlackElo "2144"]
[PlyCount "124"]
[EventDate "2007.09.01"]

1. e4 c5 2. Nf3 Nc6 3. d4 cxd4 4. Nxd4 Nf6 5. Nc3 e5 6. Ndb5 d6 7. Bg5 a6 8.
Na3 b5 9. Nd5 Be7 10. Nxe7 Nxe7 11. Bxf6 gxf6 12. c3 O-O 13. Bd3 f5 14. O-O
fxe4 15. Bxe4 d5 16. Bd3 Be6 17. Nc2 f5 18. a4 bxa4 19. Rxa4 Qd6 20. Qh5 e4 21.
Be2 Ng6 22. Qg5 Rf7 23. Rfa1 Bc8 24. Ne3 h6 25. Nc4 dxc4 26. Qe3 Ne5 27. Rb4
Bb7 28. g3 Rc8 29. Raa4 Nd3 30. Rxc4 Rxc4 31. Rxc4 f4 32. Qd4 Qxd4 33. Rxd4
fxg3 34. hxg3 Kg7 35. f3 Ne5 36. fxe4 Nf3+ 37. Bxf3 Rxf3 38. Kg2 Rf7 39. Kg1
Kg6 40. e5 Re7 41. Rd6+ Kg5 42. Rb6 h5 43. Kf2 Bc8 44. Rc6 Bg4 45. Rc5 Kf5 46.
Ra5 Rxe5 47. Rxa6 Re2+ 48. Kf1 Rxb2 49. Ra7 Ke4 50. Re7+ Kf3 51. Ke1 Kxg3 52.
c4 Rc2 53. c5 Rc1+ 54. Kd2 Rxc5 55. Re3+ Bf3 56. Re7 Rd5+ 57. Ke3 Rf5 58. Rg7+
Bg4 59. Rg8 h4 60. Rb8 h3 61. Ke4 h2 62. Rb1 Rf2 0-1

[Event "African Individual Championshi"]
[Site "Windhoek"]
[Date "2007.09.07"]
[Round "7"]
[White "Tjipueja, Werner"]
[Black "Chimthere, Alfred Charles"]
[Result "0-1"]
[WhiteElo "2083"]
[BlackElo "1968"]
[PlyCount "91"]
[EventDate "2007.09.01"]

1. e4 c6 2. d4 d5 3. Nd2 dxe4 4. Nxe4 Bf5 5. Ng3 Bg6 6. Nf3 h6 7. h4 e6 8. h5
Bh7 9. Bc4 Nf6 10. Bf4 Nd5 11. Bxb8 Qxb8 12. Ne5 Bb4+ 13. Kf1 Bd6 14. Qe2 Qc7
15. Rh4 O-O-O 16. Kg1 Rhe8 17. Nf1 Kb8 18. Bb3 f6 19. Nd3 e5 20. Re1 e4 21. c4
Nf4 22. Nxf4 Bxf4 23. d5 c5 24. Ne3 f5 25. Ba4 Rf8 26. Nd1 a6 27. Nc3 Be5 28.
Bc2 Qe7 29. Rh3 Bd4 30. Kh1 Qf6 31. f4 exf3 32. Qxf3 Rfe8 33. Qd1 Re7 34. Rf1
Qg5 35. Ne2 Be5 36. Ng1 Qg4 37. Nf3 Qxc4 38. Bb3 Qb5 39. a4 Qe8 40. Qc1 Bd6 41.
Bc2 Re3 42. Rh4 Bg3 43. Rh3 Bd6 44. Rh4 Qe7 45. Rc4 Re8 46. b3 0-1